Kingdom of Lesotho : Selected Issues and Statistical Appendix.

The challenge of achieving broad-based growth in Lesotho is discussed. Economic growth is inconsistent. Lesotho is highly dependent on trade with South Africa. The sources of growth in Lesotho using a social accounting matrix model and a growth-accounting framework are outlined. The main constraints...

Descrizione completa

Dettagli Bibliografici
Ente Autore: International Monetary Fund
Natura: Periodico
Lingua:English
Pubblicazione: Washington, D.C. : International Monetary Fund, 2008.
Serie:IMF Staff Country Reports; Country Report ; No. 2008/135
Accesso online:Full text available on IMF
LEADER 01615cas a2200241 a 4500
001 AALejournalIMF005049
008 230101c9999 xx r poo 0 0eng d
020 |c 5.00 USD 
020 |z 9781451823875 
022 |a 1934-7685 
040 |a BD-DhAAL  |c BD-DhAAL 
110 2 |a International Monetary Fund. 
245 1 0 |a Kingdom of Lesotho :   |b Selected Issues and Statistical Appendix. 
264 1 |a Washington, D.C. :  |b International Monetary Fund,  |c 2008. 
300 |a 1 online resource (68 pages) 
490 1 |a IMF Staff Country Reports 
500 |a <strong>Off-Campus Access:</strong> No User ID or Password Required 
500 |a <strong>On-Campus Access:</strong> No User ID or Password Required 
506 |a Electronic access restricted to authorized BRAC University faculty, staff and students 
520 3 |a The challenge of achieving broad-based growth in Lesotho is discussed. Economic growth is inconsistent. Lesotho is highly dependent on trade with South Africa. The sources of growth in Lesotho using a social accounting matrix model and a growth-accounting framework are outlined. The main constraints to growth and private investment and current policy initiative to promote broad-based growth and private investment are analyzed. The various methods employed suggest that there is neither external stability nor significant evidence of exchange rate misalignment. 
538 |a Mode of access: Internet 
830 0 |a IMF Staff Country Reports; Country Report ;  |v No. 2008/135 
856 4 0 |z Full text available on IMF  |u http://elibrary.imf.org/view/journals/002/2008/135/002.2008.issue-135-en.xml  |z IMF e-Library